Ekonomický rast, obchodná bilancia a technologické sektory (podpora ekonomického rastu vyššou tvorbou obchodnej bilancie)

Aplikácia metódy CTB (Contribution to Trade Balance - príspevok k obchodnej bilancii) na určenie príspevku technologických sektorov k tvorbe obchodnej bilancie krajiny. Výsledky sú informáciou aj o budúcej podpore rastu HDP. Podiel komoditných skupín podľa technologických sektorov na exporte spracov...

Descrizione completa

Salvato in:
Dettagli Bibliografici
Autore principale: Kosorín, František
Natura: Capitolo di libro
Lingua:slovacco
Soggetti:
Tags: Aggiungi Tag
Nessun Tag, puoi essere il primo ad aggiungerne!!

MARC

LEADER 00000naa$a2200000$$$4500
001 0045131
005 20240502071525.1
041 0 |a slo 
044 |a SK 
245 1 0 |a Ekonomický rast, obchodná bilancia a technologické sektory  |b (podpora ekonomického rastu vyššou tvorbou obchodnej bilancie)  |c František Kosorín 
520 |a Aplikácia metódy CTB (Contribution to Trade Balance - príspevok k obchodnej bilancii) na určenie príspevku technologických sektorov k tvorbe obchodnej bilancie krajiny. Výsledky sú informáciou aj o budúcej podpore rastu HDP. Podiel komoditných skupín podľa technologických sektorov na exporte spracovateľského priemyslu v percentách. Význam ukazovateľa CTB. Aplikácia modelu CTB na určenie stupňa využitia potenciálu technologických sektorov. Prehľad hodnôt ukazovateľa CTB pre technologické sektory a suroviny v roku 2003. 
610 2 0 |a Slovensko 
610 2 0 |a rast hospodársky 
610 2 0 |a obchod zahraničný 
610 2 0 |a bilancia obchodná 
610 2 0 |a technológie nové 
610 2 0 |a metódy 
100 1 |a Kosorín, František